| 000 | 00441nam a2200145Ia 4500 | ||
|---|---|---|---|
| 041 | _aKurdish | ||
| 082 | _a923,2 cut-972 م | ||
| 100 | _a20260118u\\\\\\\\\\\y0engy0103\\\\ba | ||
| 100 | _aئەبوبەکر محەمەد حاجى | ||
| 245 | 0 | _aشکۆنامە سەروەییەکانى شۆڕش یەکەم | |
| 250 | _aچ1 | ||
| 260 |
_bچاپخانە چوارچرا _aسلیمانى - العراق _c2025 |
||
| 300 | _a501 | ||
| 942 | _cBk | ||
| 999 |
_c189276 _d189276 |
||